000 00471pam a2200169 a 4500
020 _a0071238492
_c1225.00
041 _aeng
_hNULL
082 _a618.047543
_bFLE
100 _aFLIESCHER, A .
245 _aSONOGRAPHY IN GYNAECOLOGY & OBSTETRICS : JUST THE FACTS /
_cNULL.
_hTextual Documents
260 _aNULL :
_bMCGRAW HILL ,
_c2004.
300 _a267 :
_bxi ;
_cNULL .
365 _a1225.00
930 _a1053
999 _c795589
_d795589
650 _aOBST.GYNE